Exercises in modern mathematics

Αποθηκεύτηκε σε:
Λεπτομέρειες βιβλιογραφικής εγγραφής
Κύριος συγγραφέας: Marjoram, D. T. E.
Μορφή: Βιβλίο
Γλώσσα:English
Δημοσίευση: Oxford, New York : Pergamon Press, 1964
Σειρά:Commonwealth and international library of scince, technology, engineering and liberal studies. Mathematics division ; ; 22
Θέματα:
Ετικέτες: Προσθήκη ετικέτας
Δεν υπάρχουν, Καταχωρήστε ετικέτα πρώτοι!

MARC

LEADER 00000cam a2200000 i 4500
001 1/96661
008 081105s1964 eng d
035 |l 10101424 
040 |a GR-MY-UA  |b gre  |e aacr 
041 0 |a eng 
082 0 |a 510  |2 (22) 
100 1 |a Marjoram, D. T. E. 
245 1 0 |a Exercises in modern mathematics /  |c D. T. E. Marjoram 
260 |a Oxford, New York :   |b Pergamon Press,   |c 1964 
300 |a xiii, 250 σ.;  |b εικ.;  |c 20 εκ. 
490 1 |a The Commonwealth and international library of science, technology, engineering and liberal studies  |v ; 22 
650 0 0 |a Mathematics. 
830 0 |a Commonwealth and international library of scince, technology, engineering and liberal studies. Mathematics division ;  |v ; 22 
852 |a INST  |b SAMOS  |c MAG  |e 20081105  |h 510 MAR  |p 005300029695  |q 005300029695  |t BK  |y 0 
901 |a BIBL3-2008-3 
909 |a Σ  |b 155285 
970 |a ΡΟΥΣΣΟΥ  |b ΚΩΝΣΤΑΝΤΙΝΑ  |z 2008/11/05